000 00467nam a2200181Ia 4500
001 15732
005 20260306170217.0
008 260306t2013||||xx |||||||||||||| ||und||
041 _aESP
082 _a604.2
_bC33
100 _aCastillo Flores, Manuel J.
_eAUT
245 0 _aDibujo de ingeniería:
_bconstrucciones geométricas: tangencias
260 _c2013
300 _a301 páginas :
_c28 cm.
650 _aGEN
654 _aCAU
942 _cLIB
_dJUS
_fJUS
_2ddc
_n
999 _c15732
_d15732